[Event "Superettan(Vaxjo-Wasa)"]
[Site "?"]
[Date "2017.10.22"]
[Round "3"]
[White "Solodovnichenko, Yuri"]
[Black "Wedberg, Tom"]
[Result "1-0"]
[WhiteElo "2563"]
[BlackElo "2458"]
[PlyCount "57"]

1. e4 e5 2. Nf3 Nc6 3. Bb5 a6 4. Ba4 Nge7 5. c3 g6 6. d4 exd4 7. cxd4 Bg7 8. d5
Na5 9. Bd2 Nc4 10. Bc3 f6 11. Nbd2 Nd6 12. h4 O-O 13. h5 Nf7 14. d6 cxd6 15.
hxg6 hxg6 16. Nh4 d5 17. Bb3 Re8 18. Kf1 d6 19. Qf3 Ne5 20. Qg3 g5 21. Nf5 Nxf5
22. Bxd5+ Kf8 23. exf5 Bxf5 24. Ne4 Qd7 25. Kg1 Be6 26. Bxe6 Rxe6 27. Rh7 Nf7
28. Qh3 Rd8 29. Ng3 1-0

[Event "Superettan(Vaxjo-Wasa)"]
[Site "?"]
[Date "2017.10.22"]
[Round "3"]
[White "Grigorov, Grigor"]
[Black "Lindberg, Bengt"]
[Result "1-0"]
[WhiteElo "2510"]
[BlackElo "2386"]
[PlyCount "71"]

1. d4 Nf6 2. c4 e6 3. Nf3 b6 4. g3 Ba6 5. b3 Bb4+ 6. Bd2 Be7 7. Nc3 d5 8. cxd5
exd5 9. Bg2 O-O 10. O-O Bb7 11. Qc2 Na6 12. Rfd1 h6 13. Bf4 Re8 14. a3 c5 15.
dxc5 bxc5 16. Ne5 g5 17. Bc1 Bf8 18. Nc4 Rb8 19. Nxd5 Bxd5 20. Bxd5 Nxd5 21.
Bb2 Qd7 22. e4 Qb7 23. Rxd5 Qxb3 24. Qe2 Rbd8 25. Rad1 Rxd5 26. Rxd5 Nc7 27.
Rd7 Re7 28. Rd2 Ne6 29. Bf6 Re8 30. Rb2 Qa4 31. Ne5 Bg7 32. Qh5 Nd8 33. Ng4 Ne6
34. Rb7 Qxe4 35. Qxf7+ Kh7 36. Bxg7 1-0

[Event "Superettan(Vaxjo-Wasa)"]
[Site "?"]
[Date "2017.10.22"]
[Round "3"]
[White "Sevastianov, Andrii"]
[Black "Bellon Lopez, Juan"]
[Result "0-1"]
[WhiteElo "2143"]
[BlackElo "2309"]
[PlyCount "143"]

1. c4 e6 2. g3 d5 3. Bg2 Nf6 4. Nf3 Nbd7 5. b3 b6 6. O-O Bb7 7. Bb2 Be7 8. Nc3
O-O 9. e3 c5 10. Rc1 dxc4 11. bxc4 Rc8 12. Qe2 Qc7 13. Nb5 Qb8 14. Nc3 Rfd8 15.
Rfd1 Qa8 16. d4 Ne4 17. Nb1 Bf6 18. Nfd2 Nd6 19. Bxb7 Qxb7 20. Nb3 cxd4 21.
exd4 Qa6 22. Na3 Nf5 23. d5 e5 24. Nb5 Qxa2 25. Qc2 Qa4 26. Nxa7 Qxa7 27. Qxf5
Qa2 28. Qc2 Nc5 29. Nd2 Na4 30. Ra1 Qxb2 31. Qxa4 Qd4 32. Qb3 Be7 33. Nf3 Qc5
34. Rac1 f6 35. Kg2 Qb4 36. Qd3 g6 37. h4 Kg7 38. h5 Qd6 39. hxg6 hxg6 40. Rh1
Rh8 41. Qe4 Qd7 42. Rce1 Bd6 43. Rb1 Bc7 44. Ra1 Bd6 45. Rad1 Qc7 46. Ra1 Rxh1
47. Rxh1 Qxc4 48. Qe3 Rg8 49. Qxb6 Qc5 50. Qb7+ Qc7 51. Qb1 Qc4 52. Qb7+ Qc7
53. Qb3 Rh8 54. Rxh8 Kxh8 55. Qd3 Kg7 56. Nd2 Bc5 57. Ne4 Bd4 58. Qa6 Bb6 59.
Qb5 Qc2 60. Qb4 Qc7 61. Qa4 Bd4 62. g4 Qd8 63. Qc6 f5 64. d6 Bb6 65. Ng3 fxg4
66. d7 Qf6 67. Qc2 Qf3+ 68. Kg1 Qxg3+ 69. Kf1 Qh3+ 70. Ke1 Ba5+ 71. Ke2 Qf3+
72. Kf1 0-1

[Event "Superettan(Vaxjo-Wasa)"]
[Site "?"]
[Date "2017.10.22"]
[Round "3"]
[White "Cramling, Pia"]
[Black "Lekander, Rolf"]
[Result "1/2-1/2"]
[WhiteElo "2453"]
[BlackElo "2166"]
[PlyCount "63"]

1. c4 e5 2. g3 Nf6 3. Bg2 d5 4. cxd5 Nxd5 5. Nf3 Nc6 6. O-O Be7 7. d4 exd4 8.
Nxd4 Nxd4 9. Qxd4 Nf6 10. Qxd8+ Bxd8 11. Nc3 c6 12. Bf4 Be6 13. b4 a6 14. e4
Be7 15. a3 O-O 16. Rfd1 Rfd8 17. Bc7 Rd7 18. Rxd7 Nxd7 19. Rb1 Rc8 20. Bf4 Kf8
21. Be3 Ke8 22. f4 f6 23. Ne2 c5 24. Rc1 Kd8 25. f5 Bf7 26. e5 fxe5 27. Bxb7
Rc7 28. Bxa6 cxb4 29. axb4 Rxc1+ 30. Nxc1 Bxb4 31. Nd3 Bd6 32. Bb5 1/2-1/2

[Event "Superettan(Vaxjo-Wasa)"]
[Site "?"]
[Date "2017.10.22"]
[Round "3"]
[White "Lindahl, Emil"]
[Black "Astrom, Goran"]
[Result "1/2-1/2"]
[WhiteElo "2169"]
[BlackElo "2261"]
[PlyCount "41"]

1. d4 Nf6 2. Nf3 e6 3. e3 c5 4. c4 d5 5. Nc3 Nc6 6. a3 a6 7. dxc5 Bxc5 8. b4
Ba7 9. Bb2 O-O 10. Qc2 Qe7 11. Rd1 Rd8 12. Be2 dxc4 13. Rxd8+ Nxd8 14. Ng5 Bd7
15. Bxc4 Rc8 16. Be2 h6 17. Nf3 Nc6 18. O-O Bb8 19. Rd1 Ne5 20. Nxe5 Bxe5 21.
Bf3 1/2-1/2

[Event "Superettan(Vaxjo-Wasa)"]
[Site "?"]
[Date "2017.10.22"]
[Round "3"]
[White "Nereltjak, Nedzad"]
[Black "Collett, Peter"]
[Result "1/2-1/2"]
[WhiteElo "2094"]
[BlackElo "2186"]
[PlyCount "38"]

1. e4 e5 2. Nf3 Nc6 3. Bc4 Bc5 4. b4 Bxb4 5. c3 Ba5 6. Qb3 Qe7 7. d4 Nf6 8. Ba3
d6 9. dxe5 Nxe5 10. Nxe5 Qxe5 11. Bxf7+ Ke7 12. O-O Rf8 13. f4 Qxe4 14. Bc4
Bb6+ 15. Kh1 Bh3 16. Rf3 Qe1+ 17. Rf1 Qe4 18. Rf3 Qe1+ 19. Rf1 Qe4 1/2-1/2

[Event "Superettan(Kamraterna-Vasteras)"]
[Site "?"]
[Date "2017.10.22"]
[Round "3"]
[White "Sjodahl, Pontus"]
[Black "Hamark, Jesper"]
[Result "1-0"]
[WhiteElo "2413"]
[BlackElo "2328"]
[PlyCount "81"]

1. d4 Nf6 2. c4 g6 3. Nc3 Bg7 4. e4 d6 5. f3 O-O 6. Be3 c5 7. d5 e6 8. Qd2 exd5
9. cxd5 a6 10. a4 Re8 11. Nge2 Nbd7 12. Nc1 Nh5 13. Be2 f5 14. exf5 gxf5 15.
Bg5 Qb6 16. a5 Qb4 17. Nd3 Qd4 18. Ra4 c4 19. Nf2 b5 20. axb6 Nxb6 21. Ra5 Nd7
22. Qxd4 Bxd4 23. Nfd1 Nc5 24. g3 Kg7 25. Ra2 h6 26. Bd2 Rb8 27. Kf1 Nb3 28.
Be1 Nc1 29. Ra4 Nxe2 30. Nxe2 Bd7 31. Rxa6 Rxe2 32. Kxe2 Bb5 33. Ra5 c3+ 34.
Rxb5 c2 35. Bc3 c1=Q 36. Bxd4+ Kg6 37. Rxb8 Qc4+ 38. Ke3 Qc1+ 39. Kd3 Qb1+ 40.
Kd2 Nf6 41. Re1 1-0

[Event "Superettan(Kamraterna-Vasteras)"]
[Site "?"]
[Date "2017.10.22"]
[Round "3"]
[White "Svenn, Gosta"]
[Black "Miezis, Normunds"]
[Result "0-1"]
[WhiteElo "2322"]
[BlackElo "2416"]
[PlyCount "74"]

1. d4 Nf6 2. c4 e6 3. Nf3 Bb4+ 4. Bd2 a5 5. g3 d5 6. Bg2 O-O 7. O-O dxc4 8. Nc3
Nc6 9. e3 Re8 10. a3 Bf8 11. Qa4 e5 12. Qxc4 Be6 13. Qa4 exd4 14. exd4 h6 15.
Rfe1 Nd5 16. Rac1 Nb6 17. Qb5 Bc4 18. Qh5 Rxe1+ 19. Rxe1 Be6 20. Bf4 g6 21. Qh4
Qxh4 22. gxh4 Rc8 23. Nb5 Nd5 24. Bg3 Nce7 25. Rc1 Nf5 26. Na7 Ra8 27. Nb5 c6
28. Nc3 Nxc3 29. Rxc3 Bd5 30. Bc7 a4 31. Bb6 Re8 32. Kf1 Bg7 33. h5 g5 34. Bc5
b6 35. Bxb6 Rb8 36. Bc5 Rxb2 37. Ne5 Rb1+ 0-1

[Event "Superettan(Kamraterna-Vasteras)"]
[Site "?"]
[Date "2017.10.22"]
[Round "3"]
[White "Akesson, Ralf"]
[Black "Mohammadi, Amir"]
[Result "1/2-1/2"]
[WhiteElo "2445"]
[BlackElo "2311"]
[PlyCount "69"]

1. d4 f5 2. Nc3 Nf6 3. Bg5 d5 4. Bxf6 exf6 5. e3 Be6 6. Bd3 Qd7 7. Nge2 Nc6 8.
a3 Bd6 9. Nb5 Ne7 10. Nxd6+ Qxd6 11. Qd2 h5 12. Qb4 O-O-O 13. Nf4 Bf7 14. Be2
g5 15. Nd3 Rhe8 16. h4 f4 17. exf4 Nf5 18. Kd2 g4 19. Qa4 Qb6 20. c3 g3 21.
fxg3 Nxg3 22. Rhe1 Bg6 23. Bf3 Ne4+ 24. Bxe4 dxe4 25. Nb4 a5 26. Nc2 e3+ 27.
Kc1 Qd6 28. g3 Qd5 29. b4 b5 30. Qxa5 Bxc2 31. Kxc2 Qg2+ 32. Kb3 Qd5+ 33. Kb2
Qg2+ 34. Kb3 Qd5+ 35. Kb2 1/2-1/2

[Event "Superettan(Kamraterna-Vasteras)"]
[Site "?"]
[Date "2017.10.22"]
[Round "3"]
[White "Svensson, Bengt"]
[Black "Bergstrom, Peter"]
[Result "1/2-1/2"]
[WhiteElo "2322"]
[BlackElo "2287"]
[PlyCount "47"]

1. e4 c6 2. d4 d5 3. exd5 cxd5 4. c4 Nf6 5. Nc3 Nc6 6. Nf3 Bg4 7. cxd5 Nxd5 8.
Qb3 Bxf3 9. gxf3 e6 10. Qxb7 Nxd4 11. Bb5+ Nxb5 12. Qc6+ Ke7 13. Qxb5 Qd7 14.
Nxd5+ Qxd5 15. Bg5+ f6 16. Qxd5 exd5 17. Be3 Ke6 18. O-O Be7 19. Rfe1 Kf7 20.
Rac1 Rhc8 21. Red1 Ke6 22. Re1 Kf7 23. Red1 Ke6 24. Re1 1/2-1/2

[Event "Superettan(Kamraterna-Vasteras)"]
[Site "?"]
[Date "2017.10.22"]
[Round "3"]
[White "Kretz, Johan"]
[Black "Madebrink, Lars"]
[Result "1-0"]
[WhiteElo "2234"]
[BlackElo "2172"]
[PlyCount "71"]

1. d4 Nf6 2. c4 g6 3. Nc3 Bg7 4. e4 d6 5. Nf3 O-O 6. Be2 e5 7. O-O Nbd7 8. Qc2
c6 9. Rd1 Qe7 10. d5 c5 11. Bg5 h6 12. Bd2 Nh5 13. g3 f5 14. Nh4 Qf6 15. Bxh5
gxh5 16. exf5 Nb6 17. Ne4 Qd8 18. b4 Qc7 19. bxc5 dxc5 20. Be3 Nd7 21. Qe2 b6
22. Qxh5 Nf6 23. Nxf6+ Rxf6 24. Rac1 Bd7 25. Qf3 Raf8 26. g4 Qd6 27. Qe4 h5 28.
f3 a6 29. Rf1 R6f7 30. Rf2 Bc8 31. Rg2 Qd8 32. gxh5 Kh8 33. Ng6+ Kg8 34. Nxf8
Kxf8 35. h6 Bh8 36. Qg4 1-0

[Event "Superettan(Kamraterna-Vasteras)"]
[Site "?"]
[Date "2017.10.22"]
[Round "3"]
[White "Svenn, Matti"]
[Black "Landgren, Andreas"]
[Result "0-1"]
[WhiteElo "2170"]
[BlackElo "2275"]
[PlyCount "79"]

1. d4 Nf6 2. Bf4 g6 3. Nf3 Bg7 4. e3 O-O 5. Nbd2 d6 6. h3 Nbd7 7. Be2 b6 8. O-O
Bb7 9. c3 Qe8 10. Bh2 e5 11. dxe5 dxe5 12. Nc4 Ne4 13. Qc2 Qe7 14. Rad1 Kh8 15.
Ne1 Ng5 16. Bg3 h5 17. f3 Rad8 18. e4 Ne6 19. Nd3 Qg5 20. Bf2 f5 21. exf5 gxf5
22. Qd2 Qg6 23. Kh1 e4 24. Nf4 Qf7 25. Nxe6 Qxe6 26. fxe4 Bxe4 27. Qe1 Rg8 28.
Rg1 Nf6 29. Rxd8 Rxd8 30. b3 Nd5 31. Bd4 Bxd4 32. cxd4 Nf4 33. Qh4 Rxd4 34.
Bxh5 Nxg2 35. Qg5 Rd7 36. Rxg2 Bxg2+ 37. Qxg2 Rg7 38. Qe2 Qf6 39. Bf3 Re7 40.
Qf2 0-1

[Event "Superettan(Kamraterna-Vasteras)"]
[Site "?"]
[Date "2017.10.22"]
[Round "3"]
[White "Norberg, Erik"]
[Black "Aroven, Mikael"]
[Result "0-1"]
[WhiteElo "2229"]
[BlackElo "2084"]
[PlyCount "56"]

1. g3 e5 2. Bg2 Nc6 3. c4 Bc5 4. Nc3 a6 5. e3 d6 6. Nge2 Ba7 7. O-O h5 8. d4 h4
9. d5 Nce7 10. b4 Bd7 11. c5 Nf6 12. f4 Qc8 13. fxe5 dxe5 14. d6 cxd6 15. cxd6
Nf5 16. Nd5 Ng4 17. Nc7+ Kf8 18. Qb3 Ngxe3 19. Bxe3 Bxe3+ 20. Kh1 hxg3 21. h3
Bf2 22. Rac1 Bc6 23. Rxc6 bxc6 24. Qd3 Ne3 25. Ng1 Bxg1 26. Kxg1 Nxg2 27. Qc4
Nf4 28. Qxc6 Ne2+ 0-1

[Event "Superettan(Kamraterna-Vasteras)"]
[Site "?"]
[Date "2017.10.22"]
[Round "3"]
[White "Borvander, Tom"]
[Black "Jonsson, Mikael"]
[Result "1/2-1/2"]
[WhiteElo "2145"]
[BlackElo "2250"]
[PlyCount "82"]

1. d4 d5 2. c4 c6 3. Nf3 Nf6 4. Nc3 dxc4 5. a4 Bf5 6. e3 e6 7. Bxc4 Bb4 8. O-O
O-O 9. Nh4 Bg4 10. f3 Bh5 11. g4 Nd5 12. Ng2 Bg6 13. Na2 Be7 14. e4 Nb4 15.
Nxb4 Bxb4 16. Be3 Qe7 17. Qe2 f6 18. Kh1 Nd7 19. Bf2 Bf7 20. e5 Rfe8 21. Bh4
Qf8 22. Bd3 Bg6 23. Bxg6 hxg6 24. exf6 gxf6 25. Qd3 Qf7 26. Bg3 Rad8 27. Qc2 a6
28. Rad1 Nb6 29. Rf2 Nd5 30. Re2 Kg7 31. Ne3 Nxe3 32. Rxe3 Rd5 33. Qe2 Qd7 34.
Bf2 Kf7 35. Re4 Bd6 36. Re1 Rh8 37. Bg1 Bb4 38. Rf1 Ba5 39. Qc4 Qd6 40. Qc2 Qd7
41. Rc1 Bc7 1/2-1/2

[Event "Superettan(Rockaden,Umea-Vasteras)"]
[Site "?"]
[Date "2018.01.13"]
[Round "4"]
[White "Sjodahl, Pontus"]
[Black "Malmstig, Erik"]
[Result "0-1"]
[WhiteElo "2414"]
[BlackElo "2309"]
[PlyCount "104"]
[SourceDate "2018.01.25"]

1. d4 Nf6 2. c4 e6 3. Nc3 Bb4 4. Qc2 c5 5. dxc5 Na6 6. Nf3 Nxc5 7. Bd2 O-O 8.
a3 Bxc3 9. Bxc3 Nfe4 10. Bd4 f5 11. b4 Na6 12. e3 b6 13. Bd3 Bb7 14. O-O Nc7
15. Rfd1 Ne8 16. Ne1 Qe7 17. Rac1 N8f6 18. f3 Ng5 19. Qb2 Rae8 20. Bc3 h6 21.
Qc2 Kh8 22. Bf1 d6 23. Rd2 Rc8 24. Qd1 Nf7 25. Nd3 e5 26. Nf2 Rc7 27. Bb2 Bc8
28. Rdc2 Be6 29. f4 Rfc8 30. Qd3 Bd7 31. Qd2 Rd8 32. Rc3 Kh7 33. Qc2 g6 34. c5
dxc5 35. bxc5 Nd5 36. cxb6 Rxc3 37. Bxc3 axb6 38. Bb2 Nxe3 39. Qb3 exf4 40.
Qxb6 Be6 41. Ba1 g5 42. Rc7 Rd7 43. Qb2 Ne5 44. Rxd7 Nxd7 45. Be2 g4 46. Nd3
Nxg2 47. Kxg2 f3+ 48. Bxf3 gxf3+ 49. Kxf3 Bd5+ 50. Kf2 Qh4+ 51. Kf1 Qh3+ 52.
Kg1 Qe3+ 0-1

[Event "Superettan(Rockaden,Umea-Vasteras)"]
[Site "?"]
[Date "2018.01.13"]
[Round "4"]
[White "Lindgren, Fredrik"]
[Black "Akesson, Ralf"]
[Result "1/2-1/2"]
[WhiteElo "2255"]
[BlackElo "2443"]
[PlyCount "94"]

1. d4 Nf6 2. Nf3 g6 3. g3 Bg7 4. Bg2 O-O 5. O-O d5 6. Nbd2 c6 7. c4 Bf5 8. Qb3
Qb6 9. Qxb6 axb6 10. b3 dxc4 11. Nxc4 b5 12. Ne3 Be4 13. Bd2 Nfd7 14. Bc3 c5
15. Rfd1 Nc6 16. Rac1 Bxf3 17. Bxf3 Nxd4 18. Bxd4 cxd4 19. Nc2 d3 20. Nb4 Ne5
21. Bxb7 dxe2 22. Re1 Rab8 23. Be4 Rfc8 24. Rxc8+ Rxc8 25. Rxe2 e6 26. Kg2 Bf8
27. Na6 Nd7 28. Rd2 Nf6 29. Bb7 Rc3 30. Bf3 b4 31. Rd8 Kg7 32. Rb8 Rc2 33. Nxb4
Rd2 34. Rb5 e5 35. Kf1 e4 36. Be2 Rb2 37. h3 Rb1+ 38. Kg2 Rb2 39. Kf1 Rb1+ 40.
Kg2 Rb2 41. Kf1 e3 42. fxe3 Ne4 43. Bd3 Nd2+ 44. Ke1 Nf3+ 45. Kf1 Nd2+ 46. Ke1
Nf3+ 47. Kf1 Nd2+ 1/2-1/2

[Event "Superettan(Rockaden,Umea-Vasteras)"]
[Site "?"]
[Date "2018.01.13"]
[Round "4"]
[White "Koykka, Pekka"]
[Black "Wickstrom, Lucas"]
[Result "1/2-1/2"]
[WhiteElo "2370"]
[BlackElo "2357"]
[PlyCount "74"]

1. d4 c5 2. d5 Nf6 3. c4 b5 4. cxb5 a6 5. bxa6 g6 6. Nc3 Bxa6 7. e4 Bxf1 8.
Kxf1 d6 9. g3 Bg7 10. Kg2 O-O 11. Nf3 Nbd7 12. a4 Ra6 13. Qe2 Qa8 14. Ra3 Rb8
15. b3 Rb4 16. Nd2 e6 17. Nb5 Ne8 18. dxe6 fxe6 19. Re1 Ne5 20. Bb2 Qb7 21.
Bxe5 Bxe5 22. Nc4 Bg7 23. Qd3 Qa8 24. Nd2 Ra5 25. Nc3 Nc7 26. Nc4 Ra6 27. Nd2
Bxc3 28. Qxc3 Nb5 29. axb5 Rxa3 30. Qf6 Qe8 31. Nc4 Ra7 32. Nxd6 Qe7 33. Qe5
Rd7 34. Nc8 Qf7 35. Nd6 Qe7 36. Nc8 Qf7 37. Nd6 Qe7 1/2-1/2

[Event "Superettan(Rockaden,Umea-Vasteras)"]
[Site "?"]
[Date "2018.01.13"]
[Round "4"]
[White "Nygren, David"]
[Black "Pohjala, Henri"]
[Result "1-0"]
[WhiteElo "2266"]
[BlackElo "2372"]
[PlyCount "63"]

1. e4 d5 2. exd5 Qxd5 3. Nc3 Qd8 4. d4 Nf6 5. Bc4 a6 6. Nf3 b5 7. Bb3 Bb7 8.
O-O Nbd7 9. Ng5 e6 10. d5 Nc5 11. dxe6 Qxd1 12. exf7+ Ke7 13. Rxd1 Nxb3 14.
cxb3 h6 15. Re1+ Kd7 16. Ne6 g5 17. Bd2 Bd5 18. Nxd5 Nxd5 19. Rad1 c6 20. Ba5
Rc8 21. Nd4 Bc5 22. Ne6 Bf8 23. Bb6 Rh7 24. Bc5 Bxc5 25. Nxc5+ Kd6 26. Re8 Rh8
27. Rde1 Nf6 28. Ne4+ Nxe4 29. R1xe4 Kd7 30. R4e7+ Kd6 31. Rxh8 Rxh8 32. Re8
1-0

[Event "Superettan(Rockaden,Umea-Vasteras)"]
[Site "?"]
[Date "2018.01.13"]
[Round "4"]
[White "Landgren, Andreas"]
[Black "Lindgren, Mats"]
[Result "1-0"]
[WhiteElo "2267"]
[BlackElo "2217"]
[PlyCount "97"]

1. d4 e6 2. c4 f5 3. g3 Nf6 4. Bg2 Be7 5. Nf3 d6 6. b3 O-O 7. O-O Qe8 8. Nc3 c6
9. Qc2 Na6 10. Bb2 Qh5 11. e4 e5 12. dxe5 dxe5 13. Nxe5 fxe4 14. Nxe4 Nxe4 15.
Qxe4 Nc5 16. Qe3 Ne6 17. Nd3 Bd7 18. Rae1 Rae8 19. Qxa7 Bc8 20. Ba3 Bxa3 21.
Qxa3 Ng5 22. f4 Rxe1 23. Rxe1 Nf3+ 24. Bxf3 Qxf3 25. Ne5 Qc3 26. Qc1 Qxc1 27.
Rxc1 Rd8 28. Kf2 g5 29. Ke3 gxf4+ 30. gxf4 Kg7 31. Rg1+ Kf6 32. h4 Bf5 33. h5
Ra8 34. Rg2 Bh3 35. Rg3 Bf5 36. a4 Rd8 37. h6 Rd1 38. Rg7 b5 39. Rc7 bxc4 40.
Rxc6+ Ke7 41. Rxc4 Rh1 42. b4 Rxh6 43. b5 Rh1 44. b6 Rb1 45. Nc6+ Kd6 46. Nb4
Bc8 47. a5 h5 48. Rxc8 Rxb4 49. a6 1-0

[Event "Superettan(Rockaden,Umea-Vasteras)"]
[Site "?"]
[Date "2018.01.13"]
[Round "4"]
[White "Mardell, Jimmy"]
[Black "Norberg, Johan"]
[Result "1/2-1/2"]
[WhiteElo "2139"]
[BlackElo "2292"]
[PlyCount "108"]

1. e4 g6 2. d4 Bg7 3. Nc3 d6 4. f4 Nf6 5. Nf3 c5 6. Bb5+ Bd7 7. e5 Ng4 8. Bxd7+
Qxd7 9. d5 dxe5 10. h3 e4 11. hxg4 exf3 12. Qxf3 Na6 13. Bd2 O-O-O 14. O-O-O
Nc7 15. Be1 f5 16. gxf5 gxf5 17. Rh5 h6 18. Bf2 b6 19. d6 Bxc3 20. Qxc3 exd6
21. Qf6 d5 22. Qxf5 Qxf5 23. Rxf5 Rdf8 24. Rxf8+ Rxf8 25. g3 Rf5 26. Kd2 Ne6
27. a4 h5 28. Ke2 Kc7 29. c3 Kc6 30. Ke3 a6 31. b3 Rf8 32. Rh1 Rf5 33. Rd1 Nd8
34. c4 Nf7 35. cxd5+ Rxd5 36. Rxd5 Kxd5 37. Kf3 Nh6 38. Bg1 b5 39. axb5 axb5
40. Bf2 b4 41. Ke2 c4 42. bxc4+ Kxc4 43. Kd2 b3 44. Kc1 Nf5 45. Kb2 Kd3 46.
Kxb3 Ke2 47. Bb6 Nxg3 48. Bd8 Kf3 49. Bg5 Ne2 50. Kc2 Nxf4 51. Kd1 Kg4 52. Bd8
Ne2 53. Kxe2 h4 54. Bxh4 Kxh4 1/2-1/2

[Event "Superettan(Rockaden,Umea-Vasteras)"]
[Site "?"]
[Date "2018.01.13"]
[Round "4"]
[White "Jonsson, Mikael"]
[Black "Hammarstrom, Ulf"]
[Result "1/2-1/2"]
[WhiteElo "2238"]
[BlackElo "2194"]
[PlyCount "55"]

1. d4 Nf6 2. c4 e6 3. Nc3 Bb4 4. Qc2 O-O 5. a3 Bxc3+ 6. Qxc3 d5 7. Nf3 dxc4 8.
Qxc4 b6 9. g3 Ba6 10. Qc2 Nbd7 11. Bg2 c5 12. O-O Rc8 13. Qd1 Bb7 14. Bf4 cxd4
15. Qxd4 Nc5 16. Rad1 Qxd4 17. Nxd4 Bxg2 18. Kxg2 Nd5 19. Bd6 Rfd8 20. Bxc5
bxc5 21. Nf3 c4 22. e4 Nb6 23. Rxd8+ Rxd8 24. Rc1 g6 25. Kf1 Rd3 26. Ke2 Rb3
27. Rc2 c3 28. Rxc3 1/2-1/2

[Event "Superettan(Rockaden,Umea-Vasteras)"]
[Site "?"]
[Date "2018.01.13"]
[Round "4"]
[White "Larsson, Johan"]
[Black "Bergstrom, Peter"]
[Result "1/2-1/2"]
[WhiteElo "2193"]
[BlackElo "2289"]
[PlyCount "90"]

1. d4 d5 2. c4 c6 3. Nf3 Nf6 4. Nc3 a6 5. c5 Nbd7 6. Bf4 g6 7. Qd2 Bg7 8. h3
O-O 9. e3 Ne4 10. Qc2 Qa5 11. a3 Nxc3 12. b4 Qa4 13. Qxc3 a5 14. bxa5 Rxa5 15.
Qc1 e5 16. Nxe5 Bxe5 17. Bxe5 Nxe5 18. dxe5 Bf5 19. Be2 Bc2 20. O-O Rxc5 21.
Qb2 Qb3 22. Qd4 Ra5 23. Rfc1 Bf5 24. g4 Bc8 25. Rcb1 Qc2 26. Bd3 Qc5 27. a4 Re8
28. Rc1 Qe7 29. f4 Qh4 30. Kg2 Qd8 31. Kg3 c5 32. Qb2 d4 33. exd4 Qxd4 34. Qxd4
cxd4 35. Bb5 Rd8 36. Rd1 b6 37. Rab1 d3 38. Kf3 Ba6 39. Ke3 Bxb5 40. Rxb5 Rxa4
41. Rxb6 d2 42. Rd6 Ra3+ 43. Ke4 Rb8 44. R1xd2 Rb4+ 45. R6d4 Rxd4+ 1/2-1/2

[Event "Superettan(Manhem-Orgryte)"]
[Site "?"]
[Date "2018.02.02"]
[Round "4"]
[White "Arnelind, Mikael"]
[Black "Al Hadarani, Hatim"]
[Result "0-1"]
[WhiteElo "2220"]
[BlackElo "2319"]
[PlyCount "90"]

1. d4 e6 2. c4 f5 3. g3 Nf6 4. Bg2 c6 5. Nh3 Bb4+ 6. Nd2 d5 7. O-O O-O 8. Qc2
Qe8 9. Nf3 h6 10. Nf4 g5 11. Nd3 Be7 12. b4 Rf7 13. a4 Rh7 14. b5 Ne4 15. Nfe5
h5 16. f3 Nd6 17. c5 Nf7 18. Nxf7 Qxf7 19. e4 Nd7 20. bxc6 bxc6 21. Nb4 h4 22.
Nxc6 hxg3 23. Nxe7+ Qxe7 24. hxg3 Qg7 25. Qd2 f4 26. gxf4 Qh6 27. fxg5 Qh2+ 28.
Kf2 Qh4+ 29. Ke3 dxe4 30. Qf2 Qxg5+ 31. f4 Qd5 32. Qa2 Qf5 33. Bxe4 Rh3+ 34.
Rf3 Rxf3+ 35. Bxf3 Rb8 36. Ba3 Nf6 37. Rg1+ Kf7 38. Rg5 Qh3 39. Qc2 Nd5+ 40.
Rxd5 exd5 41. Qa2 Be6 42. Bc1 Qf1 43. Bd2 Kf6 44. Ba5 Bf5 45. Be2 Re8+ 0-1

[Event "Superettan(Wasa-Schack 08)"]
[Site "?"]
[Date "2018.02.03"]
[Round "4"]
[White "Wedberg, Tom"]
[Black "Rosberg, Simon"]
[Result "1/2-1/2"]
[WhiteElo "2445"]
[BlackElo "2303"]
[PlyCount "93"]

1. e4 c5 2. Nf3 e6 3. d4 cxd4 4. Nxd4 Nc6 5. Nc3 Qc7 6. Be3 a6 7. Qf3 b5 8.
O-O-O Bb7 9. Qg3 Qxg3 10. hxg3 Nf6 11. f3 Bb4 12. g4 d6 13. g5 Nd7 14. g6 h6
15. gxf7+ Kxf7 16. Nxc6 Bxc6 17. Ne2 Ne5 18. Nd4 Bc5 19. Bf4 Rhd8 20. Be2 Bb7
21. Nb3 Bb6 22. Bd2 Nc4 23. Bxc4 bxc4 24. Na5 Bxa5 25. Bxa5 Rd7 26. Rd4 d5 27.
Rhd1 Bc6 28. exd5 exd5 29. Bc3 Re8 30. b3 cxb3 31. axb3 Re2 32. R1d2 Rxd2 33.
Kxd2 g5 34. Bb4 Ke6 35. Ke3 Ra7 36. Bc5 Rf7 37. Rd1 h5 38. Rh1 h4 39. Bd4 Bb5
40. Kd2 Kd6 41. Be3 Rg7 42. Kc3 Rc7+ 43. Kd2 Rg7 44. Re1 Rg8 45. Rh1 Rg7 46.
Kc3 Rc7+ 47. Kd2 1/2-1/2

[Event "Superettan(Wasa-Schack 08)"]
[Site "?"]
[Date "2018.02.03"]
[Round "4"]
[White "Karlsson, Tomas"]
[Black "Suarez Garcia, Carlos"]
[Result "1/2-1/2"]
[WhiteElo "2251"]
[BlackElo "2473"]
[PlyCount "89"]

1. e4 c5 2. Nf3 e6 3. d4 cxd4 4. Nxd4 Nc6 5. Nc3 Qc7 6. Be3 a6 7. Qd2 Nf6 8.
O-O-O Bb4 9. f3 O-O 10. Nb3 d5 11. Bf4 e5 12. exd5 exf4 13. dxc6 Qxc6 14. Qd4
Bxc3 15. Qxc3 Qxc3 16. bxc3 Be6 17. c4 Rfc8 18. Rd4 g5 19. Bd3 Rc7 20. Re1 h6
21. h4 Nd7 22. hxg5 hxg5 23. g3 fxg3 24. Rg1 Ne5 25. Rxg3 Kf8 26. Nd2 Nc6 27.
Re4 Bf5 28. Re3 Bxd3 29. cxd3 f6 30. Rh3 Kg7 31. Ne4 Ne7 32. Re1 Nf5 33. Rg1 b5
34. f4 bxc4 35. fxg5 cxd3+ 36. Kd2 Rc2+ 37. Kxd3 Rxa2 38. gxf6+ Kf7 39. Rh7+
Ke6 40. Nc5+ Kd5 41. Rh5 Kxc5 42. Rxf5+ Kd6 43. f7 Rf8 44. Re1 Rh2 45. Re8
1/2-1/2

[Event "Superettan(Wasa-Schack 08)"]
[Site "?"]
[Date "2018.02.03"]
[Round "4"]
[White "Cramling, Pia"]
[Black "Laveryd, Peter"]
[Result "0-1"]
[WhiteElo "2449"]
[BlackElo "2353"]
[PlyCount "76"]

1. Nf3 d6 2. d4 Bg4 3. g3 Bxf3 4. exf3 e6 5. Bg2 d5 6. O-O Nf6 7. Be3 Be7 8. c3
c6 9. Nd2 O-O 10. Nb3 Nbd7 11. Nc1 Ne8 12. Nd3 Nd6 13. Qe2 Nf5 14. Bf4 c5 15.
dxc5 Nxc5 16. Bh3 Nxd3 17. Qxd3 Nd6 18. Rad1 Qb6 19. Qe2 Qb5 20. Rd3 Ne8 21.
Rfd1 Nf6 22. Bc1 Rfe8 23. Bg2 Nd7 24. Qe1 Qa6 25. a3 Nc5 26. Re3 Nb3 27. f4
Nxc1 28. Rxc1 Bc5 29. Re5 Bd6 30. Re2 Qb5 31. Qd2 Red8 32. Rd1 Bf8 33. f5 d4
34. cxd4 Qxf5 35. Bxb7 Rab8 36. Be4 Qb5 37. d5 exd5 38. Bxd5 Rxd5 0-1

[Event "Superettan(Wasa-Schack 08)"]
[Site "?"]
[Date "2018.02.03"]
[Round "4"]
[White "Renman, Nils-Gustaf"]
[Black "Bellon Lopez, Juan"]
[Result "0-1"]
[WhiteElo "2350"]
[BlackElo "2334"]
[PlyCount "156"]

1. d4 d5 2. Nf3 c6 3. c4 dxc4 4. e3 Be6 5. Nc3 b5 6. a4 b4 7. Ne4 Nf6 8. Ned2
c5 9. Nxc4 Nc6 10. Nce5 Nxe5 11. Nxe5 a6 12. Be2 cxd4 13. exd4 Bd5 14. O-O e6
15. Bg5 Qb6 16. a5 Qb7 17. Qa4+ Nd7 18. Rac1 Bd6 19. Nc4 Bc7 20. Ne3 Ra7 21.
Nxd5 Qxd5 22. Bf4 Qxa5 23. Qxa5 Bxa5 24. Rc8+ Bd8 25. Bd6 Nb6 26. Rb8 Nd7 27.
Rxb4 Be7 28. Bxe7 Kxe7 29. Ra1 Rc8 30. Kf1 a5 31. Ke1 axb4 32. Rxa7 Kd6 33. Kd2
Rc7 34. Ra5 Nb6 35. Rb5 Nd5 36. Bf3 Rc4 37. Kd3 Rc1 38. Bxd5 exd5 39. Rxb4 Rg1
40. g3 Rg2 41. Ke3 Rxh2 42. Rb7 Ke6 43. Rc7 Rh1 44. Rb7 Re1+ 45. Kd2 Rb1 46. g4
g6 47. Rb6+ Ke7 48. g5 Rg1 49. f4 Rf1 50. Ke3 Re1+ 51. Kd3 Re4 52. Rf6 h6 53.
b4 hxg5 54. fxg5 Rg4 55. b5 Rg3+ 56. Kc2 Rxg5 57. b6 Rh5 58. Rc6 Rh8 59. Kc3 g5
60. Kb4 g4 61. Kb5 g3 62. Rc3 Rg8 63. Rc7+ Ke6 64. Rc6+ Kf5 65. Rc1 g2 66. Rg1
Ke4 67. b7 Kf3 68. Kc6 Kf2 69. Rxg2+ Kxg2 70. Kxd5 Kf3 71. Kc6 Ke4 72. d5 Ke5
73. d6 Rb8 74. d7 Ke6 75. Kc7 Rxb7+ 76. Kxb7 Kxd7 77. Kb6 Kd6 78. Kb5 Kd5 0-1

[Event "Superettan(Wasa-Schack 08)"]
[Site "?"]
[Date "2018.02.03"]
[Round "4"]
[White "Moreau, Teodor"]
[Black "Wikstrom, Per"]
[Result "1/2-1/2"]
[WhiteElo "2313"]
[BlackElo "2199"]
[PlyCount "69"]

1. d4 e6 2. c4 f5 3. Nc3 Nf6 4. Nf3 Bb4 5. Qc2 b6 6. g3 Bb7 7. Bg2 O-O 8. O-O
a6 9. Rd1 Qe8 10. Bd2 d6 11. d5 Bxc3 12. Bxc3 Ne4 13. Nd4 Nxc3 14. Qxc3 e5 15.
Ne6 Rf7 16. e4 fxe4 17. Bxe4 Re7 18. f4 Rxe6 19. dxe6 Bxe4 20. fxe5 Qxe6 21.
exd6 cxd6 22. Qd4 Nc6 23. Qxd6 Qh3 24. Rd2 Rd8 25. Qf4 Rxd2 26. Qxd2 h6 27. Rf1
Nd4 28. Rf2 Nf3+ 29. Rxf3 Bxf3 30. Qd8+ Kf7 31. Qc7+ Kg6 32. Qd6+ Kg5 33. Qe5+
Kg6 34. Qd6+ Kh5 35. Qe5+ 1/2-1/2